banner koha

Comercio exterior brasileiro de produtos olericolas (Registro n. 324186)

MARC details
000 -LÍDER
campo de controle de tamanho fixo 01119naa a22002777a 4500
001 - NÚMERO DE CONTROLE
campo de controle BR9403320
003 - IDENTIFICADOR DO NÚMERO DE CONTROLE
campo de controle BR-BrBNA
005 - DATA E HORÁRIO DA ÚLTIMA TRANSAÇÃO
campo de controle 20240918181224.0
007 - CAMPO FIXO DE DESCRIÇÃO FÍSICA--INFORMAÇÃO GERAL
campo de controle de tamanho fixo ta
008 - CAMPO DE DADOS FIXOS--INFORMAÇÃO GERAL
campo de controle de tamanho fixo 230509b bl.||||| |||| 00| 0 por d
040 ## - FONTE DA CATALOGAÇÃO
Instituição da catalogação original BR-BrBNA
Idioma da catalogação por
Instituição que transcreveu o registro Biblioteca Nacional de Agricultura
041 ## - CÓDIGO DE IDIOMA
Código do idioma do texto/trilha sonora ou título diferente (Pt)
072 ## - CÓDIGO DE CATEGORIA DE ASSUNTO
Código de Categoria de Assunto E71
Código do objeto 1800
090 ## - NÚMERO DE CHAMADA LOCAL
Número de chamada E71 BR9403320
100 1# - ENTRADA PRINCIPAL--NOME PESSOAL
Nome pessoal Carvalho, F.C.
111 1# - ENTRADA PRINCIPAL--NOME DO EVENTO
Nome do evento ou lugar 24. Congresso Brasileiro de Olericultura1. Reuniao Latino-Americana de Olericultura
Local do evento Jaboticabal, SP (Brazil)
Data do evento ou assinatura do tratado 16-21 Jul 1984
245 1# - TÍTULO
Título Comercio exterior brasileiro de produtos olericolas
260 3# - PUBLICAÇÃO, DISTRIBUIÇÃO, ETC.
Local de publicação, distribuição, etc. Brasilia, DF (Brasil):
Data da publicação, distribuição, etc. 1984.
500 ## - NOTA GERAL
Nota geral Anais do 24. Congresso Brasileiro de Olericultura e 1. Reuniao Latino-Americana de Olericultura<br/>Brasilia, DF (Brasil): 1984. p. 171-176<br/>(BR9403320-AM)E71<br/>
650 ## - ASSUNTO--TERMO TÓPICO
Cabeçalho tópico ou nome geográfico Legume
650 ## - ASSUNTO--TERMO TÓPICO
Cabeçalho tópico ou nome geográfico Comercio Exterior
650 ## - ASSUNTO--TERMO TÓPICO
Cabeçalho tópico ou nome geográfico Exportacao
773 0# - ENTRADA ANALÍTICA
Título Anais do 24. Congresso Brasileiro de Olericultura e 1. Reuniao Latino-Americana de Olericultura
Número de controle do registro E71 BR9403320
Partes relacionadas Brasilia, DF (Brasil), 1984. p. 171-176
909 ## -
-- 202404
-- Lucia
-- 55
-- Lucia Elande
942 ## - ELEMENTOS DE ENTRADA ADICIONADOS (KOHA)
Tipo de material Koha Capítulo-Livro
Fonte da classificação ou esquema de arquivamento na estante Classificação AGRIS
Exemplares
Situação do descarte Fonte da classificação ou esquema de arquivamento na estante Situação física Não pode ser emprestado Coleção Biblioteca de origem Biblioteca atual Localização na estante Total de empréstimos Número de telefone completo Data de último acesso Número do exemplar Tipo de material Koha Situação das perdas Data de aquisição Fonte de aquisição
  Classificação AGRIS       Biblioteca Nacional de Agricultura - Binagri Biblioteca Nacional de Agricultura - Binagri Agrobase - Acervo Geral   1300 BR9403305 20/05/2024 01 Capítulo-Livro   2024-04-11 Portaria Interministerial nº 164/94

BINAGRI

Telefone: (61)3218-2567/2388/3357/2097 - binagri@agro.gov.br

Ministério da Agricultura e Pecuária , Esplanada dos Ministérios, Bloco D, Anexo B, Brasília/DF, CEP: 70.043-900